Súčasná svetová politika II (vybrané kapitoly - Ázia, Latinská Amerika, Afrika)
Saved in:
| Main Author: | |
|---|---|
| Corporate Author: | |
| Other Authors: | , |
| Format: | Book |
| Language: | Slovak |
| Published: |
Bratislava
Vydavateľstvo EKONÓM
2011
|
| Subjects: | |
| Tags: |
No Tags, Be the first to tag this record!
|
MARC
| LEADER | 00000nam a2200000 4500 | ||
|---|---|---|---|
| 001 | 0127372 | ||
| 005 | 20240502072442.9 | ||
| 020 | |a 978-80-225-3154-2 | ||
| 041 | 0 | |a slo | |
| 044 | |a SK | ||
| 245 | 1 | 0 | |a Súčasná svetová politika II |b (vybrané kapitoly - Ázia, Latinská Amerika, Afrika) |c František Škvrnda |
| 264 | 1 | |a Bratislava |b Vydavateľstvo EKONÓM |c 2011 | |
| 300 | |a 202 s. [14,453 AH] | ||
| 610 | 2 | 0 | |a vzťahy medzinárodné |
| 610 | 2 | 0 | |a politika svetová |
| 610 | 2 | 0 | |a Blízky východ |
| 610 | 2 | 0 | |a Ďaleký východ |
| 610 | 2 | 0 | |a Ázia |
| 610 | 2 | 0 | |a Latinská Amerika |
| 610 | 2 | 0 | |a Afrika |
| 610 | 2 | 0 | |a Čína |
| 610 | 2 | 0 | |a Japonsko |
| 610 | 2 | 0 | |a Kórea |
| 100 | 1 | |a Škvrnda, František | |
| 700 | 1 | |a Juza, Peter | |
| 700 | 1 | |a Čech, Ľubomír, 1955- | |
| 710 | 2 | |a Ekonomická univerzita v Bratislave. Fakulta medzinárodných vzťahov | |